| 000 | 00466nam a2200121Ia 4500 | ||
|---|---|---|---|
| 008 | 171212s9999 xx 000 0 und d | ||
| 020 | _a9781921313752 | ||
| 245 |
_ceditor Rich, Roland;Hambly, Luke;Morgan, Michael G. _aPolitical Parties in the Pacific Islands |
||
| 260 |
_bANU E Press _c2008 |
||
| 650 | _aPolitical parties -- Pacific Area; Pacific Area -- Politics and government | ||
| 650 | _aPolitical Science | ||
| 856 | _uwww.jstor.org/stable/10.2307/j.ctt24hc84 | ||
| 999 |
_c351260 _d351260 |
||